000 00718nas a22002177a 4500
003 NALT
005 20210222134419.0
008 210222b th |||p| |||| 00| 0 tha d
022 _a01251252
040 _aNALT
041 _atha
245 0 0 _aวชิรสาร
260 _aคณะแพทยศาสตร์วชิรพยาบาล มหาวิทยาลัยนวมินทราธิราช
310 _aรายสองเดือน
500 _aวารสารอิเล้กทรอนิกส์
650 _2การแพทย์
850 _aNALT
856 _uhttps://he02.tci-thaijo.org/index.php/VMED
942 _cJNR
_2lcc
998 _a่jintana
_h755
_j755
_k จินตนา เอี่ยมคง
999 _c98036
_d98036